<?xml version="1.0" encoding="UTF-8"?>
<record
    xmlns:xsi="http://www.w3.org/2001/XMLSchema-instance"
    xsi:schemaLocation="http://www.loc.gov/MARC21/slim http://www.loc.gov/standards/marcxml/schema/MARC21slim.xsd"
    xmlns="http://www.loc.gov/MARC21/slim">

  <leader>00824nam a22001937a 4500</leader>
  <controlfield tag="005">20231124165214.0</controlfield>
  <controlfield tag="008">231124b           ||||| |||| 00| 0 eng d</controlfield>
  <datafield tag="040" ind1=" " ind2=" ">
    <subfield code="c">AL</subfield>
  </datafield>
  <datafield tag="041" ind1=" " ind2=" ">
    <subfield code="a">kan</subfield>
  </datafield>
  <datafield tag="082" ind1=" " ind2=" ">
    <subfield code="2">23</subfield>
    <subfield code="a">K494.3</subfield>
    <subfield code="b">POOS</subfield>
  </datafield>
  <datafield tag="100" ind1=" " ind2=" ">
    <subfield code="a">Poornima Suresh: &#xCAA;&#xCC2;&#xCB0;&#xCCD;&#xCA3;&#xCBF;&#xCAE;&#xCBE; &#xCB8;&#xCC1;&#xCB0;&#xCC7;&#xCB6;&#xCCD; </subfield>
    <subfield code="9">143391</subfield>
  </datafield>
  <datafield tag="245" ind1=" " ind2=" ">
    <subfield code="a">Shabdarath: Kannada Konkani Padakosha</subfield>
    <subfield code="b"> &#xCB6;&#xCAC;&#xCCD;&#xCA6;&#xCBE;&#xCB0;&#xCCD;&#xCA5;&#xCCD;: &#xC95;&#xCA8;&#xCCD;&#xCA8;&#xCA1; &#xC95;&#xCCA;&#xC82;&#xC95;&#xCA3;&#xCBF; &#xCAA;&#xCA6;&#xC95;&#xCCB;&#xCB6; </subfield>
  </datafield>
  <datafield tag="260" ind1=" " ind2=" ">
    <subfield code="a">Mangalore</subfield>
    <subfield code="b">Prasaranga Mangalore University</subfield>
    <subfield code="c">2016</subfield>
  </datafield>
  <datafield tag="300" ind1=" " ind2=" ">
    <subfield code="a">xiv,183p.</subfield>
    <subfield code="b">PB</subfield>
    <subfield code="c">21x14cm.</subfield>
  </datafield>
  <datafield tag="365" ind1=" " ind2=" ">
    <subfield code="2">Kannada</subfield>
    <subfield code="a">063-65</subfield>
    <subfield code="b">100.00</subfield>
    <subfield code="c">&#x20B9;</subfield>
    <subfield code="d">200.00</subfield>
    <subfield code="e">50%</subfield>
    <subfield code="f">23-11-2023</subfield>
  </datafield>
  <datafield tag="650" ind1=" " ind2=" ">
    <subfield code="a">Kannada Konkani Dictitonary: &#xC95;&#xCA8;&#xCCD;&#xCA8;&#xCA1; &#xC95;&#xCCA;&#xC82;&#xC95;&#xCA3;&#xCBF; &#xCAA;&#xCA6;&#xC95;&#xCCB;&#xCB6; </subfield>
    <subfield code="9">143386</subfield>
  </datafield>
  <datafield tag="700" ind1=" " ind2=" ">
    <subfield code="a">Poornima Suresh: &#xCAA;&#xCC2;&#xCB0;&#xCCD;&#xCA3;&#xCBF;&#xCAE;&#xCBE; &#xCB8;&#xCC1;&#xCB0;&#xCC7;&#xCB6;&#xCCD; </subfield>
    <subfield code="9">143387</subfield>
  </datafield>
  <datafield tag="942" ind1=" " ind2=" ">
    <subfield code="2">ddc</subfield>
    <subfield code="c">BK</subfield>
  </datafield>
  <datafield tag="999" ind1=" " ind2=" ">
    <subfield code="c">229304</subfield>
    <subfield code="d">229304</subfield>
  </datafield>
  <datafield tag="952" ind1=" " ind2=" ">
    <subfield code="0">0</subfield>
    <subfield code="1">0</subfield>
    <subfield code="2">ddc</subfield>
    <subfield code="4">0</subfield>
    <subfield code="7">0</subfield>
    <subfield code="8">KAN</subfield>
    <subfield code="a">AL</subfield>
    <subfield code="b">AL</subfield>
    <subfield code="d">2023-11-24</subfield>
    <subfield code="e">Prasaranga Mangalore University</subfield>
    <subfield code="g">100.00</subfield>
    <subfield code="l">0</subfield>
    <subfield code="o">K494.3 POOS</subfield>
    <subfield code="p">076958</subfield>
    <subfield code="r">2023-11-24 00:00:00</subfield>
    <subfield code="v">200.00</subfield>
    <subfield code="w">2023-11-24</subfield>
    <subfield code="y">BK</subfield>
  </datafield>
</record>
